SISTER SECRETS (Record no. 6500)
[ view plain ]
| 000 -LEADER | |
|---|---|
| fixed length control field | 00570nam a22001337a 4500 |
| 020 ## - INTERNATIONAL STANDARD BOOK NUMBER | |
| ISBN | 978-1-4088-0494-0 |
| 082 ## - DEWEY DECIMAL CLASSIFICATION NUMBER | |
| Classification number | 823 |
| Item number | WOO/S |
| 100 ## - MAIN ENTRY--AUTHOR NAME | |
| Personal name | WOODS, TITANIA |
| 245 ## - TITLE STATEMENT | |
| Title | SISTER SECRETS |
| 260 ## - PUBLICATION, DISTRIBUTION, ETC. (IMPRINT) | |
| Place of publication | LONDON |
| Name of publisher | BLOOMSBURRY PUBLISHING |
| Year of publication | 2009 |
| 300 ## - PHYSICAL DESCRIPTION | |
| Number of Pages | 120 |
| 520 ## - SUMMARY, ETC. | |
| Summary, etc | Sister Secrets is written by the brother, who examines family dynamics--a farm family in the Red River Valley of rural North Dakota and Minnesota, an often-absent father involved in politics, and sexual abuse--where people often don't talk publicly (or privately) about mental illness. |
| 942 ## - ADDED ENTRY ELEMENTS (KOHA) | |
| Koha item type | Books |
| Withdrawn status | Lost status | Collection code | Home library | Current library | Shelving location | Date acquired | Source of acquisition | Full call number | Accession Number | Koha item type |
|---|---|---|---|---|---|---|---|---|---|---|
| Fiction | Main Library | Main Library | SHELF 15-K-CHILDREN'S STORYBOOKS | 07/11/2013 | purchase | 823 WOO/S | 06554 | Books |